Wahhabi Islam : (Record no. 2545)
[ view plain ]
| 000 -LEADER | |
|---|---|
| fixed length control field | 01809nac a22002891u 4500 |
| 090 ## - LOCALLY ASSIGNED LC-TYPE CALL NUMBER (OCLC); LOCAL CALL NUMBER (OCLC) | |
| -- | 2545 |
| 008 - FIXED-LENGTH DATA ELEMENTS--GENERAL INFORMATION | |
| fixed length control field | 081113t2004 xxu||||| |||| 00| 0 eng d |
| 010 ## - LIBRARY OF CONGRESS CONTROL NUMBER | |
| LC control number | 2003016382 |
| 020 ## - INTERNATIONAL STANDARD BOOK NUMBER | |
| International Standard Book Number | 0195169913 (cloth : alk. paper) |
| 020 ## - INTERNATIONAL STANDARD BOOK NUMBER | |
| International Standard Book Number | 9781845113223 (cloth : alk. paper) |
| 082 00 - DEWEY DECIMAL CLASSIFICATION NUMBER | |
| Classification number | 297.814 |
| Item number | DEL |
| 100 ## - MAIN ENTRY--PERSONAL NAME | |
| Personal name | DeLong-Bas, Natana J. |
| 245 10 - TITLE STATEMENT | |
| Title | Wahhabi Islam : |
| Remainder of title | From Revival and Reform to Global Jihad / |
| Statement of responsibility, etc | Natana J. DeLong-Bas. |
| 260 ## - PUBLICATION, DISTRIBUTION, ETC. (IMPRINT) | |
| Place of publication, distribution, etc | Oxford ; |
| -- | New York : |
| Name of publisher, distributor, etc | Oxford University Press, |
| Date of publication, distribution, etc | c2004. |
| 300 ## - PHYSICAL DESCRIPTION | |
| Extent | ix, 370 p. : |
| Other physical details | map ; |
| Dimensions | 25 cm. |
| 504 ## - BIBLIOGRAPHY, ETC. NOTE | |
| Bibliography, etc | Includes bibliographical references (p. [349]-359) and index. |
| 505 0# - FORMATTED CONTENTS NOTE | |
| Formatted contents note | Muhammad Ibn Abd al-Wahhab and the origins of Wahhabism : the eighteenth-century context -- The theology and worldview of Muhammad Ibn Abd al-Wahhab -- Islamic law : separation of the divine from the human -- Women and Wahhabis : in defense of women's rights -- Jihad : call to Islam or call to violence? -- The trajectory of Wahhabism : from revival and reform to global Jihad. |
| 600 10 - SUBJECT ADDED ENTRY--PERSONAL NAME | |
| Personal name | Muḥammad ibn ʻAbd al-Wahhāb, |
| Dates associated with a name | 1703 or 4-1792. |
| 650 #0 - SUBJECT ADDED ENTRY--TOPICAL TERM | |
| Topical term or geographic name as entry element | Wahhābīyah. |
| 650 #0 - SUBJECT ADDED ENTRY--TOPICAL TERM | |
| Topical term or geographic name as entry element | Islamic fundamentalism |
| General subdivision | History. |
| 650 #0 - SUBJECT ADDED ENTRY--TOPICAL TERM | |
| Topical term or geographic name as entry element | Islam |
| General subdivision | Doctrines. |
| 856 41 - ELECTRONIC LOCATION AND ACCESS | |
| Materials specified | Table of contents only |
| Uniform Resource Identifier | <a href="http://www.loc.gov/catdir/toc/ecip047/2003016382.html">http://www.loc.gov/catdir/toc/ecip047/2003016382.html</a> |
| 856 41 - ELECTRONIC LOCATION AND ACCESS | |
| Materials specified | Publisher description |
| Uniform Resource Identifier | <a href="http://www.loc.gov/catdir/enhancements/fy0614/2003016382-d.html">http://www.loc.gov/catdir/enhancements/fy0614/2003016382-d.html</a> |
| 942 ## - ADDED ENTRY ELEMENTS (KOHA) | |
| Item type | Book - Borrowing |
| Call number prefix | 297.814 DEL |
| Source of classification or shelving scheme | Dewey Decimal Classification |
| Withdrawn status | Item status | Source of classification or shelving scheme | Damaged status | Not for loan | Home library | Current library | Shelving location | Date acquired | Source of acquisition | Total Checkouts | Full call number | Barcode | Date last seen | Date last borrowed | Koha item type | Vendor | Cost, normal purchase price | Serial Enumeration / chronology | Total Renewals |
|---|---|---|---|---|---|---|---|---|---|---|---|---|---|---|---|---|---|---|---|
| Dewey Decimal Classification | Central Library | Central Library | Lower Floor | 25/02/2007 | Purchase | 4 | 297.814 DEL | 000001725 | 15/07/2025 | 11/01/2010 | NB - Book (Non borrowing) | ||||||||
| Dewey Decimal Classification | Central Library | Central Library | Lower Floor | 29/01/2009 | 3 | 297.814 DEL | 000014391 | 15/07/2025 | 02/11/2023 | Book - Borrowing | Alahram | 165.70 | 6457 | 45 |